Normal view
MARC view
- قشقوش، ابراهيم ، منصور،طلعت
Entry Personal Name
001 - CONTROL NUMBER
- control field: 38509
003 - CONTROL NUMBER IDENTIFIER
- control field: JO-AjAnu
005 - DATE AND TIME OF LATEST TRANSACTION
- control field: 20230606080418.0
008 - FIXED-LENGTH DATA ELEMENTS
- fixed length control field: 230606|| aca||aabn | a|a d
040 ## - CATALOGING SOURCE
- Original cataloging agency: JO-AjAnu
- Transcribing agency: JO-AjAnu
100 ## - HEADING--PERSONAL NAME
- Personal name: قشقوش، ابراهيم ، منصور،طلعت
670 ## - SOURCE DATA FOUND
- Source citation: Work cat.: (JO-AjAnu)19753: قشقوش، ابراهيم ، منصور،طلعت, author, دافعية الإنجاز وقياسها، مج2